000
00220nam a22000857a 4500
008
160916b xxu||||| |||| 00| 0 eng d
100
_9
570
_a
Gupta.S.P.
245
_a
Environmental-1
260
_a
New Delhi
_b
AP. Publications
_c
2011
999
_c
3226
_d
3226